000 00362 a2200133 4500
001 91517
082 _aPR 1473
090 _c43651
_d43650
100 _aKhalid Goraya; Prof Shafiq, Advisor
245 _aImplementation of Digital Video Recorder Protocol in FPGA
_n58 "B" EC
260 _aRawalpindi
_bNUST
_c2003
300 _a52p
500 _aBE Project Reports
942 _aCAE NUST
_kPR 1473
999 _c326590
_d326590